|
|
|
|
| LEADER |
00000nam a2200000 a 4500 |
| 001 |
vtls001482400 |
| 003 |
SK-MaSNL |
| 005 |
20260302073650.0 |
| 008 |
251029s2003 gw a g 00100 ger |
| 020 |
|
|
|a 340649465X
|q (brož.)
|
| 035 |
|
|
|a SNK000437697
|
| 040 |
|
|
|a SNK
|b slo
|c SNK
|e AACR2
|
| 041 |
0 |
|
|a ger
|
| 043 |
|
|
|a mb-----
|
| 044 |
|
|
|a gw
|c DE
|
| 072 |
|
7 |
|a 94(3)
|x Dejiny krajín starovekého sveta
|2 konspekt
|
| 080 |
|
|
|a 316.7+008
|2 2001
|
| 080 |
|
|
|a (=221.16)
|2 2001
|
| 080 |
|
|
|a 94(4-11)
|2 2001
|
| 080 |
|
|
|a (048.8)
|2 2001
|
| 100 |
1 |
|
|a Haarmann, Harald,
|d 1946-
|4 aut
|9 467066
|
| 245 |
1 |
0 |
|a Geschichte der Sintflut
|b auf den Spuren der frühen Zivilisationen
|c Harald Haarmann
|
| 250 |
|
|
|a Orig.-Ausg.
|
| 260 |
|
|
|a München
|b C. H. Beck
|c c2003
|
| 300 |
|
|
|a 208 s.
|b iustr.
|c 19 cm
|
| 490 |
1 |
|
|a Beck'sche R.
|v 1536
|
| 650 |
0 |
7 |
|a civilizácia
|z Čierne more-oblasť
|y 7.-4. stor. pr. Kr.
|2 SNKPH
|9 738352
|
| 651 |
|
7 |
|a Čierne more
|2 SNKPH
|9 56321
|
| 655 |
|
7 |
|a štúdie
|2 SNKPH
|9 57033
|
| 830 |
|
0 |
|a Beck'sche R.
|9 431829
|
| 919 |
|
|
|a 3-406-49465-X
|
| 999 |
|
|
|c 1161871
|d 1163801
|
| 952 |
|
|
|a SNK
|b SNK
|y VYP
|7 0
|p 17A0453885
|o snkID 97361
|i snkV 1765/2004
|8 2
|g 17.09
|0 0
|1 0
|4 0
|d 2004-09-24
|l 0
|r 2005-01-02 00:00:00
|w 2026-02-24
|